Zvyšovanie kvality doktorandského štúdia a podpora medzinárodného výskumu na NHF EU v Bratislave recenzovaný zborník abstraktov z medzinárodnej vedeckej konferencie : Bratislava, 31. január 2014
Salvato in:
| Enti autori: | , |
|---|---|
| Altri autori: | , , |
| Natura: | Libro |
| Lingua: | slovacco inglese |
| Pubblicazione: |
Bratislava
Vydavateľstvo EKONÓM
2014
|
| Soggetti: | |
| Tags: |
Nessun Tag, puoi essere il primo ad aggiungerne!!
|
MARC
| LEADER | 00000nlm a2200000 4500 | ||
|---|---|---|---|
| 001 | 0182676 | ||
| 005 | 20251028091750.9 | ||
| 020 | |a 978-80-225-3828-2 | ||
| 041 | 0 | |a slo | |
| 041 | 0 | |a eng | |
| 044 | |a SK | ||
| 245 | 1 | 0 | |a Zvyšovanie kvality doktorandského štúdia a podpora medzinárodného výskumu na NHF EU v Bratislave |b recenzovaný zborník abstraktov z medzinárodnej vedeckej konferencie : Bratislava, 31. január 2014 |c spracoval Marcel Novák ; recenzenti Ivan Brezina, Martin Šustr |
| 264 | 1 | |a Bratislava |b Vydavateľstvo EKONÓM |c 2014 | |
| 300 | |a CD-ROM [300 s., 3,5 AH] | ||
| 610 | 2 | 0 | |a kvalita vzdelávania |
| 610 | 2 | 0 | |a štúdium doktorandské |
| 610 | 2 | 0 | |a výskum |
| 700 | 1 | |a Novák, Marcel, 1979- | |
| 700 | 1 | |a Brezina, Ivan, 1963- | |
| 700 | 1 | |a Šustr, Martin, 1980- | |
| 110 | 2 | |a Zvyšovanie kvality doktorandského štúdia a podpora medzinárodného výskumu na NHF EU v Bratislave. Medzinárodná vedecká konferencia | |
| 710 | 2 | |a Ekonomická univerzita v Bratislave. Národohospodárska fakulta | |